Atrapadores de sueños

Guardat en:
Dades bibliogràfiques
Autor principal: Lobo Lewis, María de la Luz (autora)
Format: Llibre
Idioma:espanyol
Publicat: Santiago Cerro Manquehue 2004
Edició:1a. ed
Matèries:
Etiquetes: Afegir etiqueta
Sense etiquetes, Sigues el primer a etiquetar aquest registre!

MARC

LEADER 00000nam a2200000 a 4500
001 UCH3326
003 CL-VaPUC
008 090723e20041200CL |||||||||||||||||spa|d
020 |a 9567210314 
082 0 4 |a 070.449  |b LOB  |2 21 
100 |a Lobo Lewis, María de la Luz  |e autora  |9 538613 
245 1 0 |a Atrapadores de sueños 
250 |a 1a. ed 
300 |a 179 p 
942 |c BK 
945 |d 20090723 00:00:00  |a dcastane 
260 |a Santiago  |b Cerro Manquehue  |c 2004 
650 7 |a ENTREVISTA PERIODISTICA  |2 CL-VaPUC  |9 406380 
650 0 |a Periodismo   |9 310113 
583 |a last modification  |c 20090723 00:00:00  |k Rodrigo Vera 
999 |c 334919  |d 334917